Viaje a través del universo / (Record no. 6624)

000 -CABECERA
fixed length control field 00832nam a22002057a 4500
003 - IDENTIFICADOR DEL NÚMERO DE CONTROL
control field AR-CdUCM
008 - DATOS DE LONGITUD FIJA--INFORMACIÓN GENERAL
fixed length control field 190318b ||||| |||| 00| 0 spa d
040 ## - FUENTE DE LA CATALOGACIÓN
Agencia/entidad que catalogó originalmente la obra MUNICIPALIDAD PROVINCIAL DEL CUSCO
Entidad que transcribió la catalogación BIBLIOTECA MUNICIPAL DEL CUSCO
082 ## - NÚMERO DE LA CLASIFICACIÓN DECIMAL DEWEY
No. de Clasificación 520 /
Notacion interna V61
110 ## - ENTRADA PRINCIPAL--NOMBRE DE ENTIDAD CORPORATIVA
Nombre de la institución, jurisdicción como entrada principal Time-Life Book
9 (RLIN) 18633
245 ## - MENCIÓN DE TÍTULO
Título Viaje a través del universo /
260 ## - PUBLICACIÓN, DISTRIBUCIÓN, ETC.
Lugar de publicación, distribución, etc. España :
Nombre de la editorial, distribuidor, etc. Ediciones Folio,
300 ## - DESCRIPCIÓN FÍSICA
Nº de Páginas Extensión 3 volumenes ;
Otros detalles físicos ilustraciones ;
Dimensiones 28 cm.
505 ## - NOTA DE CONTENIDO CON FORMATO
Nota de contenido formateada Contenido : v.1: Galaxias I -- El universo redefinido - El hogar galáctico de la Tierra -- v.2: Galaxias II -- El zoo cósmico -- Misterios que aún persisten -- v.3: Planetas lejanos -- Más allá del anillo de asteroides -- El planeta estelar.
650 ## - PUNTO DE ACCESO ADICIONAL DE MATERIA--TÉRMINO DE MATERIA
Descriptor Astronomía
9 (RLIN) 18634
650 ## - PUNTO DE ACCESO ADICIONAL DE MATERIA--TÉRMINO DE MATERIA
Descriptor Galaxias
9 (RLIN) 18635
650 ## - PUNTO DE ACCESO ADICIONAL DE MATERIA--TÉRMINO DE MATERIA
Descriptor Planetas
9 (RLIN) 18636
942 ## - ELEMENTOS DE PUNTO DE ACCESO ADICIONAL (KOHA)
Fuente de clasificación
Tipo de item Libros-BMC
945 ## - PROCESAMIENTO DE INFORMACIÓN LOCAL (OCLC)
Catalogador zta
Holdings
Estado de retiro (separado) Fuente de clasificación o esquema de estanterías Estado dañado Ubicación Sala donde se ubica Nombre de la colección Fecha de adquisición o compra Costo, precio normal en soles Signatura topográfica Código de Barras Última vez visto (Koha) Tipo de ítem (Koha)
No     Sala Ciencias Sala Ciencias Book Cart 2019-03-18 30.00 520 / V61 / v.3 SC0000000103 2019-03-18 Libros-BMC
No     Sala Ciencias Sala Ciencias Book Cart 2019-03-18 30.00 520 / V61 / v.2 SC0000000102 2019-03-18 Libros-BMC
No     Sala Ciencias Sala Ciencias Book Cart 2019-03-18 30.00 520 / V61 / v.1 SC0000000101 2019-03-18 Libros-BMC

Powered by Koha